000 00566nam a22001697a 4500
003 OSt
005 20240614095516.0
008 240614b ||||| |||| 00| 0 eng d
040 _cAIMIT LIBRARY
100 _aSaldanha, Ashka.
_e2116029
_9170735
245 _aComparative analysis of financial performance of Indian port authorities /
_cBy Ashika Saldanha ; Guided by Dhanankay K.
260 _aMangalore
_c2023
650 _aFindings and conclusion
_9170736
700 _aK, Dhananjay.
_eGuide
_9170737
856 _3New Mangalore Port Authority
942 _2ddc
_cPRO
999 _c231173
_d231173